00881nam a22002657a 450000500170000001000130001702000220003003500130005203700160006504000120008108200130009324501440010624600060025025000140025626000400027027000120031030000270032250000200034965000320036965000220040170000260042394200220044999900190047195201250049020170124110243.0 aA-709672 c00.00a0333620747 aA-709672 bCen Lib/Ret aDPLbEN a050bSTA aThe statesman's year-book : cedited by Brian Hunterbstatistical and historical annual of the states of the world for the year 1995-1996 / b  a132nd ed  aLondon bThe MacMillan Press c1995 bLondon  aliii,1966p. c20cm(Hb) aIncludes index  aPolitical science. 9100110 aStatistics.97952 aBrian, Hunter9100111 2ddccENh050mSTA c135345d135345 001040718REFaLbLd2015-10-05eCen Lib/Retg0.00l0o050 STApA-709672r2015-10-05 00:00:00t1v0.00w2015-10-05yEN